002170000a220007300045001000019000002450034000193000044000537730046000971 aConkey, Calvin10aDoing theology among the Zuni aVol. 4, Núm 4 (1987), Páginas 39-510 tInternational Journal of Frontier Misions